| 000 | 00365nam a2200157Ia 4500 | ||
|---|---|---|---|
| 999 |
_c57088 _d57088 |
||
| 003 | 0100 | ||
| 005 | 20180129153128.0 | ||
| 008 | 130303s9999 xx 000 0 und d | ||
| 040 | _cARRUPELIB | ||
| 050 | _aDT63.E31949 | ||
| 100 |
_aEdwards, Iorwerth Eiddon Stephen _939061 |
||
| 245 | 4 | _aThe pyramids of Egypt / | |
| 260 |
_aMiddlesex _bPenguin Books _c1949 |
||
| 300 | _a256p | ||
| 650 |
_aPyramids _939060 |
||
| 942 |
_2lcc _cMONOGRAPH |
||